00683cam a22002291 4500001001300000003000400013005001700017008004100034010001700075035002000092040001800112042001200130050001900142100003800161245005800199250001900257260006300276300003100339500001600370651005000386999001700436sa 65010096 DLC20260227112206.0940325s1957 ii c 000 0 marr  asa 65010096  a(OCoLC)30023608 aDLCcNRUdDLC apremarc00aJQ620.M26bA941 aAtre, Prahlad Keshav,d1898-1969.10aSih̃agarjanā.c[Lekhaka] Pralhāda Keśava Atre. a[1. āvr̥ti] aMumbaī,bGa. Pā. Parcure Prakāśana Mandirac[1957] a36, 366 p.bports.c19 cm. aIn Marathi. 0aMaharashtra (India)xPolitics and government. c66558d66558